Estadísticas para Países que comienzan con A

Haz click aquí para tomar la prueba!

Estadísticas generales

  • Esta prueba ha sido tomada 14.783 veces
  • La puntuación promedio es 10 de 13

Estadísticas de respuestas

País% Correcto
Alemania
96%
Argentina
90%
Australia
85%
Albania
83%
Andorra
83%
Armenia
83%
Austria
83%
Argelia
81%
Angola
80%
Afganistán
76%
Azerbaiyán
76%
Antigua y Barbuda
67%
Arabia Saudita
64%

Distribución de puntuación

Porcentaje por número respondido

Porcentaje de gente con cada puntuación

Historial de tus puntuaciones

No has tomado esta prueba